Score 0/19 Timer 10:00
0 Plays Today
% Correct
alive
85.2%
alive
84.4%
alive
84.3%
alive
84.1%
alive
84.1%
alive
82.1%
alive
82.1%
alive
81.7%
alive
81.3%
dead
80.3%
% Correct
alive
79.9%
dead
77%
dead
76.6%
dead
75.8%
missing
68.5%
missing
66.5%
missing
65.9%
missing
65.6%
walker
37.2%
Remove Ads.
Support Sporcle.
Get the best of Sporcle when you Go Orange. This ad-free experience offers more features, more stats, and more fun while also helping to support Sporcle. Thank you for becoming a member.

You're not logged in!

Compare scores with friends on all Sporcle quizzes.
OR
Log In

Show Comments

Extras

Top Quizzes Today


Score Distribution

Your Account Isn't Verified!

In order to create a playlist on Sporcle, you need to verify the email address you used during registration. Go to your Sporcle Settings to finish the process.

Report this User

Report this user for behavior that violates our Community Guidelines.

Details: